000 00579nam a22001817a 4500
005 20251108164937.0
008 250721s2001 xx 000 0 ara d
082 1 4 _a410.1/كشك
100 1 _aكشاش، محمد
245 1 0 _aاللغة و الحواس :
_bرؤية في التواصل و التغير بالعلامات غير اللسانية /
264 1 _aبيروت :
_bالمكتبة العصرية،
_c2001.
300 _a222ص
650 1 7 _aاللغة العربية
650 1 7 _aالفلسفة
650 1 7 _aالكلام
942 _2ddc
_cBK
999 _c18055
_d18055